Venkov je náš svět = Countryside - Our World : international conference : collection of abstracts : Kutná Hora 16.-18.4.2008 /

Další autoři: Venkov je náš svět (konference), Majerová, Věra, 1944-
Jazyk: Angličtina
Vydáno: V Praze : Česká zemědělská univerzita, Provozně ekonomická fakulta, 2008
Vydání: Vyd. 1.
Témata:
Fyzický popis: 82 s. ; 21 cm
Language note: Anglický text
Knihy
Uloženo v:
LEADER 01979nam a2200481 a 4500
001 nkc20081798678
003 CZ PrNK
005 20080902093424.0
007 ta
008 080402s2008 xr e 100 0 eng
015 |a cnb001798678 
020 |a 978-80-213-1772-7  |q (brož.) 
035 |a (OCoLC)237191518 
040 |a BOA001  |b cze  |d ABA001 
072 7 |a 63  |x Zemědělství a příbuzné oblasti vědy a techniky  |2 Konspekt  |9 24 
080 |a 631.145  |2 MRF 
080 |a 338.43.02  |2 MRF 
080 |a 711.3  |2 MRF 
080 |a (062.534)  |2 MRF 
111 2 |a Venkov je náš svět (konference)  |d (2008 :  |c Kutná Hora, Česko)  |7 mzk2008412618 
245 1 0 |a Venkov je náš svět =  |b Countryside - Our World : international conference : collection of abstracts : Kutná Hora 16.-18.4.2008 /  |c [editor Věra Majerová] 
246 1 |i Název v tiráži:  |a Sborník abstraktů z mezinárodní vědecké konference Venkov je náš svět, Countryside - Our World 
246 3 1 |a Countryside - Our World 
250 |a Vyd. 1. 
260 |a V Praze :  |b Česká zemědělská univerzita, Provozně ekonomická fakulta,  |c 2008 
300 |a 82 s. ;  |c 21 cm 
500 |a Nad názvem: Czech University of Life Sciences Prague, Faculty of Economics and Management 
500 |a 150 výt. 
546 |a Anglický text 
650 0 7 |a zemědělsko-potravinářské komplexy  |7 ph116755  |2 czenas 
650 0 7 |a zemědělská politika  |7 ph127616  |2 czenas 
650 0 7 |a rozvoj venkova  |7 ph136666  |2 czenas 
650 0 9 |a agro complexes  |2 eczenas 
650 0 9 |a agriculture and state  |2 eczenas 
650 0 9 |a rural development  |2 eczenas 
655 7 |a sborníky konferencí  |7 fd133333  |2 czenas 
655 9 |a proceedings of conferences  |2 eczenas 
700 1 |a Majerová, Věra,  |d 1944-  |7 jx20040216021  |4 edt 
910 2 |a BOA001  |b 2-1204.950 
990 |a BK 
995 |a 01 
991 |b 200806  |c NOV 
996 6 |b 2610345896  |c 2-1204.950  |l MZK  |r Sklad / do 1 hodiny  |n 6  |p p.v.  |w 000899179  |u 000010  |a 1  |e BOA001  |j MZK50  |s P